• 首页
  • 本馆介绍
  • 公告通知
  • 最新文献
  • 馆藏检索
  • 电子资源
  • 读者导购
  • 参考咨询
  • 我的图书馆
  • 登录
  • 详细信息显示
  • 放入我的书架
  • 预约/预借图书
  • 作者相关作品
  • 分类相关作品
  • 丛书相关作品
  • 出版社相关作品

书目信息

  • 表格格式
  • 工作单格式
  • 卡片格式
题名:
清史讲义
    
 
作者: 孟森 著
分册:  
出版信息: 北京   北京理工大学出版社  2016
页数: 464页
开本: 21cm
丛书名:
单 册:
中图分类: K249.07
科图分类:
主题词: 清代--qing dai--历史--研究
电子资源:
ISBN: 978-7-5682-1618-0
000 00779nam0 22002411 450
001 0124140126
005 20170324140126.0
010    @a978-7-5682-1618-0@dCNY25.00
100    @a20160512d2016 em y0chiy50 ea
101 0  @achi
102    @aCN@b110000
105    @ay z 000yy
106    @ar
200 1  @a清史讲义@9qing shi jiang yi@f孟森著
210    @a北京@c北京理工大学出版社@d2016
215    @a464页@d21cm
300    @a中国大历史/马东峰主编
330    @a全书分总论和各论两部分,内容包括:清史在史学上之位置、清史体例、清代种族及世系、八旗制度考实、开国、巩固国基、全盛、嘉道守文等。
606 0  @a清代@9qing dai@x历史@x研究
690    @aK249.07@v5
701  0 @a孟森@9meng sen@f(1869~1937)@4著
801  0 @aCN@bTANGWEI@c20170308
905    @b0961637-9@dK249.07@e107@f3
    
    清史讲义/孟森著.-北京:北京理工大学出版社,2016
    464页;21cm
    中国大历史/马东峰主编
    
    ISBN 978-7-5682-1618-0:CNY25.00
    全书分总论和各论两部分,内容包括:清史在史学上之位置、清史体例、清代种族及世系、八旗制度考实、开国、巩固国基、全盛、嘉道守文等。
●
相关链接 在E读中查询图书 在五车中查询图书 在当当中查询图书 在豆瓣中查询图书


正题名:清史讲义     索取号:K249.07/107         预约/预借

序号 登录号 条形码 馆藏地/架位号 状态 备注
1 0961637   209616370   第二样本阅览室/ [索取号:K249.07/107] 在馆    
2 0961638   209616389   第二借阅区/ [索取号:K249.07/107] 在馆    
3 0961639   209616398   第二借阅区/ [索取号:K249.07/107] 在馆    
唐山师范学院图书馆 欢迎您!
大连网信软件有限公司© 版权所有